Core Java V.1 : fundamentals (Record no. 193754)
[ view plain ]
| 000 -LEADER | |
|---|---|
| fixed length control field | 00448nam a2200169Ia 4500 |
| 005 - DATE AND TIME OF LATEST TRANSACTION | |
| control field | 20250304105104.0 |
| 008 - FIXED-LENGTH DATA ELEMENTS--GENERAL INFORMATION | |
| fixed length control field | 231217s9999 xx 000 0 und d |
| 020 ## - INTERNATIONAL STANDARD BOOK NUMBER | |
| International Standard Book Number | 9788131719459 |
| 082 ## - DEWEY DECIMAL CLASSIFICATION NUMBER | |
| Classification number | 001.6424JAV HOR.1;35 |
| 100 ## - MAIN ENTRY--PERSONAL NAME | |
| Personal name | Horstmann, Cay S. Cornell, Gary. |
| 245 #0 - TITLE STATEMENT | |
| Title | Core Java V.1 : fundamentals |
| 250 ## - EDITION STATEMENT | |
| Edition statement | 8th ed. |
| 260 ## - PUBLICATION, DISTRIBUTION, ETC. (IMPRINT) | |
| Date of publication, distribution, etc. | 2008 |
| Name of publisher, distributor, etc. | Dorling kindersley |
| Place of publication, distribution, etc. | Noida |
| 300 ## - PHYSICAL DESCRIPTION | |
| Extent | xxvi, 836 |
| 650 ## - SUBJECT ADDED ENTRY--TOPICAL TERM | |
| Topical term or geographic name as entry element | Core,Java,V.1 |
| 942 ## - ADDED ENTRY ELEMENTS (KOHA) | |
| Koha item type | Books |
| Date last seen | Total Checkouts | Full call number | Accession number | Old discount | Uniform Resource Identifier | Cost, replacement price | Price effective from | Category | Lost status | Damaged status | Department | Withdrawn status | bill no. | bill date | Permanent Location | Current Location | Shelving location | Entry date | Vendor | Cost, normal purchase price | Grants | Currency symbol | Conversion rate | Discount | Discount type |
|---|---|---|---|---|---|---|---|---|---|---|---|---|---|---|---|---|---|---|---|---|---|---|---|---|---|
| 26/01/2024 | 001.6424JAV HOR.1;35 | 81580 | 25 | digital/contents/79295.pdf | 487.50 | 26/01/2024 | Books | Central Library | 69432 | 23/11/2017 | Central Library | Central Library | Central Library | 04/08/2012 | Book Paradise | 650.00 | IS | RS | 1 | 162.5 | Rupees | ||||
| 26/01/2024 | 001.6424JAV HOR.1;36 R1 | 81581 | 25 | digital/contents/79295.pdf | 487.50 | 26/01/2024 | Books | Central Library | 69432 | 04/09/2015 | Central Library | Central Library | Central Library | 04/08/2012 | Book Paradise | 650.00 | IS | RS | 1 | 162.5 | Rupees | ||||
| 26/01/2024 | 001.6424JAV HOR.1;37 | 84137 | 29 | digital/contents/79295.pdf | 479.25 | 26/01/2024 | Books | Central Library | 71711 | 18/01/2019 | Central Library | Central Library | Central Library | 12/02/2013 | Book Paradise | 675.00 | MCA | RS | 1 | 195.75 | Rupees | ||||
| 26/01/2024 | 001.6424JAV HOR.1;38 | 84138 | 29 | digital/contents/79295.pdf | 479.25 | 26/01/2024 | Books | Central Library | 71711 | 18/01/2019 | Central Library | Central Library | Central Library | 12/02/2013 | Book Paradise | 675.00 | MCA | RS | 1 | 195.75 | Rupees | ||||
| 26/01/2024 | 001.6424JAV HOR.1;39 | 84139 | 29 | digital/contents/79295.pdf | 479.25 | 26/01/2024 | Books | Central Library | 71711 | 18/01/2019 | Central Library | Central Library | Central Library | 12/02/2013 | Book Paradise | 675.00 | MCA | RS | 1 | 195.75 | Rupees |
